States with the Highest Total Public Road Length - Statistics

General Stats
  • This quiz has been taken 22 times
  • The average score is 4 of 10
Answer Stats
Answer % Correct
2 California
100%
1 Texas
100%
3 Illinois
69%
9 Florida
54%
8 Ohio
31%
7 Georgia
15%
6 Missouri
8%
4 Kansas
0%
10 Michigan
0%
5 Minnesota
0%
No matching quizzes found
Score Distribution
Percent of People with Each Score
Percentile by Number Answered
Your Score History
You have not taken this quiz